000 00435nam a2200145Ia 4500
008 220216s9999 xx 000 0 und d
100 _aSamarappuli Nihal
245 0 _aDevelopment of thrust industries: The case of rubber based industrialization
260 _bPlastics and Rubber Sri Lanka
_c1998
300 _a8-May
650 _aRubber based industries
650 _aThrust industry
700 _aTillekeratne L M K
942 _cJS
999 _c57073
_d57073